[Event "NAYCC U18"]
[Site "Kingston CAN"]
[Date "2019.08.19"]
[Round "8.185"]
[White "Li, William"]
[Black "Wu, Derek"]
[Result "1-0"]
[WhiteElo "2136"]
[BlackElo "2032"]
[PlyCount "93"]
[EventDate "2019.08.16"]
[EventType "swiss"]
[EventRounds "9"]
[EventCountry "CAN"]

1. e4 e5 2. Nf3 Nc6 3. Bb5 a6 4. Ba4 Nf6 5. O-O Be7 6. Re1 b5 7. Bb3 O-O 8. d4
Nxd4 9. Nxd4 exd4 10. e5 Ne8 11. c3 dxc3 12. Nxc3 Bb7 13. a4 Bb4 14. Re3 d6 15.
e6 fxe6 16. Bxe6+ Kh8 17. Rh3 Nf6 18. Bg5 Bc8 19. Rxh7+ Nxh7 20. Bxd8 Bxe6 21.
Bxc7 bxa4 22. Rxa4 a5 23. Bxa5 Bxa5 24. Qa1 Bxc3 25. Rxa8 Be5 26. Rxf8+ Nxf8
27. Qa8 Kg8 28. b4 Kf7 29. b5 Nd7 30. Qa7 d5 31. g3 Bd6 32. Kf1 Bc5 33. Qb7 Ke7
34. h4 d4 35. Qe4 Kf7 36. Qc2 Bb6 37. h5 Nc5 38. Qg6+ Kf8 39. h6 gxh6 40. Qf6+
Ke8 41. Qxd4 Nd7 42. Qh8+ Ke7 43. Kg2 Bd5+ 44. f3 Be3 45. Qh7+ Kd6 46. Qg6+ Be6
47. Qd3+ 1-0

[Event "NAYCC U18"]
[Site "Kingston CAN"]
[Date "2019.08.19"]
[Round "8.186"]
[White "Xu, Jeffrey"]
[Black "Ravuri, Vinesh"]
[Result "0-1"]
[WhiteElo "2067"]
[BlackElo "2192"]
[PlyCount "62"]
[EventDate "2019.08.16"]
[EventType "swiss"]
[EventRounds "9"]
[EventCountry "CAN"]

1. e4 e5 2. Nf3 Nc6 3. Bc4 Bc5 4. c3 Nf6 5. d3 d6 6. h3 a6 7. Bb3 O-O 8. O-O h6
9. Re1 Re8 10. Bc2 d5 11. Nbd2 Bf8 12. Nf1 g6 13. exd5 Nxd5 14. d4 exd4 15.
Rxe8 Qxe8 16. Nxd4 Nxd4 17. Qxd4 Be6 18. Ne3 Bg7 19. Qe4 Qd7 20. Bb3 c6 21.
Nxd5 Bxd5 22. Bxd5 Re8 23. Qd3 Re1+ 24. Kh2 Qxd5 25. Qxd5 cxd5 26. Kg3 d4 27.
cxd4 Bxd4 28. Kf3 f5 29. a4 a5 30. Rb1 Bc5 31. b3 Ba3 0-1

[Event "NAYCC U18"]
[Site "Kingston CAN"]
[Date "2019.08.19"]
[Round "8.187"]
[White "Wu, Rochelle"]
[Black "Zhang, Henry"]
[Result "1-0"]
[WhiteElo "2161"]
[BlackElo "2151"]
[PlyCount "79"]
[EventDate "2019.08.16"]
[EventType "swiss"]
[EventRounds "9"]
[EventCountry "CAN"]

1. e4 c5 2. Nf3 e6 3. d4 cxd4 4. Nxd4 Nc6 5. Nc3 Qc7 6. Be3 a6 7. Be2 Nf6 8.
O-O Be7 9. f4 d6 10. Qe1 O-O 11. Qg3 Nxd4 12. Bxd4 b5 13. a3 Bb7 14. Kh1 Bc6
15. Rad1 Rad8 16. Bf3 a5 17. Qf2 Qb7 18. e5 dxe5 19. fxe5 Nd7 20. Qe3 b4 21.
axb4 axb4 22. Ne4 Kh8 23. Nd6 Bxd6 24. exd6 e5 25. Bxc6 Qxc6 26. Ba7 Qxc2 27.
Bb6 Rc8 28. Bc7 f5 29. Rd2 Qc4 30. Re1 Rce8 31. b3 Qf7 32. Ba5 e4 33. g3 Rb8
34. Rd4 g5 35. Rxb4 Rbe8 36. Rb7 Qe6 37. Bc3+ Ne5 38. Qxg5 Rg8 39. Qh5 Rg7 40.
Rb5 1-0

[Event "NAYCC U18"]
[Site "Kingston CAN"]
[Date "2019.08.19"]
[Round "8.188"]
[White "Merrigan, Daley"]
[Black "Leong, Ryan"]
[Result "1-0"]
[WhiteElo "1917"]
[BlackElo "1926"]
[PlyCount "81"]
[EventDate "2019.08.16"]
[EventType "swiss"]
[EventRounds "9"]
[EventCountry "CAN"]

1. d4 d5 2. c4 c6 3. Nc3 Nf6 4. Nf3 Bf5 5. e3 a6 6. a4 e6 7. Bd3 Bxd3 8. Qxd3
Bb4 9. O-O O-O 10. Bd2 Nbd7 11. Nxd5 Nxd5 12. cxd5 Bxd2 13. dxe6 fxe6 14. Nxd2
Qg5 15. f4 Qg4 16. h3 Qh5 17. Rf2 Rad8 18. Qb3 Qd5 19. Raf1 Qxb3 20. Nxb3 Nb6
21. Nc5 Nc4 22. Nxe6 Nxe3 23. Re1 Nf5 24. Nxf8 Kxf8 25. Rd2 Rxd4 26. Rxd4 Nxd4
27. Rd1 Ne2+ 28. Kh2 c5 29. Rd5 c4 30. Rc5 b5 31. axb5 axb5 32. Rf5+ Kg8 33.
Rxb5 c3 34. bxc3 Nxc3 35. Rb7 Nd5 36. Kg3 h6 37. Kf3 Kh7 38. g4 Kg6 39. g5 hxg5
40. fxg5 Kxg5 41. Rb5 1-0

[Event "NAYCC U18"]
[Site "Kingston CAN"]
[Date "2019.08.19"]
[Round "8.189"]
[White "Li, Max"]
[Black "Eidelman, Gabriel"]
[Result "1/2-1/2"]
[WhiteElo "2113"]
[BlackElo "2133"]
[PlyCount "107"]
[EventDate "2019.08.16"]
[EventType "swiss"]
[EventRounds "9"]
[EventCountry "CAN"]

1. e4 c5 2. Nf3 d6 3. d4 cxd4 4. Nxd4 Nf6 5. Nc3 a6 6. Be3 e5 7. Nb3 Be6 8. f3
Be7 9. Qd2 O-O 10. O-O-O Nbd7 11. g4 b5 12. g5 b4 13. gxf6 bxc3 14. Qxc3 Nxf6
15. Na5 Rc8 16. Nc6 Qe8 17. Nxe7+ Qxe7 18. Qa5 Rc6 19. Be2 Rfc8 20. c3 Qb7 21.
Rhg1 Nh5 22. Rg5 Nf4 23. Bxf4 exf4 24. Qa4 h6 25. Rg2 Qb6 26. Qd4 Qxd4 27. Rxd4
Bxa2 28. Ra4 Bb3 29. Ra3 Rb6 30. Bxa6 Rc5 31. Bd3 g5 32. Bc2 Bxc2 33. Kxc2 Kg7
34. Kd3 f5 35. Ra4 Kf6 36. exf5 Kxf5 37. b4 Re5 38. Ra5 Rbb5 39. Rxb5 Rxb5 40.
Rb2 g4 41. c4 Rb6 42. fxg4+ Kxg4 43. Ke4 f3 44. b5 Rb8 45. Kd5 Re8 46. Kxd6 Re2
47. Rb1 f2 48. Rf1 Kf3 49. c5 Re1 50. Rxf2+ Kxf2 51. b6 Rb1 52. Kc7 Ke3 53. c6
Kd4 54. b7 1/2-1/2

[Event "NAYCC U18"]
[Site "Kingston CAN"]
[Date "2019.08.19"]
[Round "8.190"]
[White "Rama, Vikas"]
[Black "Wang, Jake"]
[Result "1/2-1/2"]
[WhiteElo "1534"]
[BlackElo "2116"]
[PlyCount "79"]
[EventDate "2019.08.16"]
[EventType "swiss"]
[EventRounds "9"]
[EventCountry "CAN"]

1. e4 c5 2. Nc3 a6 3. a4 e6 4. f4 Qc7 5. d3 Nc6 6. Nf3 g6 7. Be2 Bg7 8. O-O d6
9. g3 Nge7 10. Re1 O-O 11. Bf1 Rb8 12. Ne2 Nd4 13. Bg2 Nec6 14. c3 Nxf3+ 15.
Bxf3 e5 16. Be3 b6 17. Qd2 Bb7 18. d4 Na5 19. Rab1 f5 20. d5 Nc4 21. Qd3 Nxe3
22. Qxe3 Rbe8 23. Rbd1 Bh6 24. Bg2 Qf7 25. Rf1 fxe4 26. Bxe4 exf4 27. Nxf4 Qe7
28. Rde1 Qe5 29. Qd2 Bxf4 30. Rxf4 Rxf4 31. Qxf4 Qxf4 32. gxf4 Kg7 33. Kf2 Kf6
34. Re3 h6 35. h4 Bc8 36. b3 Bf5 37. Kf3 h5 38. Bxf5 Rxe3+ 39. Kxe3 Kxf5 40.
Kf3 1/2-1/2

[Event "NAYCC U18"]
[Site "Kingston CAN"]
[Date "2019.08.19"]
[Round "8.191"]
[White "Zhao, Harry"]
[Black "Wang, George"]
[Result "1-0"]
[WhiteElo "1950"]
[BlackElo "1887"]
[PlyCount "90"]
[EventDate "2019.08.16"]
[EventType "swiss"]
[EventRounds "9"]
[EventCountry "CAN"]

1. d4 d5 2. Nf3 Nf6 3. e3 Bf5 4. Bd3 Bxd3 5. Qxd3 c6 6. c4 g6 7. Nc3 e6 8. O-O
Bg7 9. e4 dxe4 10. Nxe4 Nxe4 11. Qxe4 O-O 12. Bg5 Qb6 13. b3 Nd7 14. Rad1 Rfe8
15. Ne5 Qc7 16. f4 Nb6 17. Bh4 Nd7 18. Qe2 f6 19. Nd3 a6 20. Bg3 Qb6 21. Bf2
Qc7 22. Be3 Rad8 23. Qf3 Nf8 24. Nc5 Nd7 25. Ne4 f5 26. Nf2 c5 27. d5 exd5 28.
Qxd5+ Kh8 29. Rfe1 b6 30. Qf3 Nf6 31. Rxd8 Rxd8 32. Bc1 Re8 33. Rxe8+ Nxe8 34.
Qe2 Qd7 35. Bb2 Bd4 36. Bxd4+ cxd4 37. Qe5+ Kg8 38. Nd3 Nc7 39. Kf2 Qd8 40. g3
Kf7 41. Nb4 Ne6 42. Ke2 a5 43. Nd5 a4 44. bxa4 Qc8 45. Qf6+ Ke8 1-0

[Event "NAYCC U18"]
[Site "Kingston CAN"]
[Date "2019.08.19"]
[Round "8.192"]
[White "Rama, Tejas"]
[Black "Huang, Qiuyu"]
[Result "1/2-1/2"]
[WhiteElo "2022"]
[BlackElo "2020"]
[PlyCount "78"]
[EventDate "2019.08.16"]
[EventType "swiss"]
[EventRounds "9"]
[EventCountry "CAN"]

1. Nf3 f5 2. c4 Nf6 3. g3 g6 4. Bg2 Bg7 5. O-O O-O 6. d4 d6 7. Nc3 Qe8 8. e4
Nxe4 9. Nxe4 fxe4 10. Ng5 Nc6 11. Be3 e5 12. d5 Ne7 13. Nxe4 b6 14. b4 a5 15.
Qb3 axb4 16. Qxb4 Nf5 17. Rfe1 Nxe3 18. Rxe3 Bf5 19. a4 Bxe4 20. Bxe4 Ra5 21.
h4 Bh6 22. Rea3 Qd7 23. Kg2 Qe7 24. Qc3 Qd7 25. Qc2 Qe7 26. Qe2 Qd7 27. h5 g5
28. g4 Rf4 29. f3 Bf8 30. h6 Kh8 31. Qc2 Rf6 32. Qd2 Rf4 33. Qc2 Rf6 34. Bf5
Qe7 35. Rh1 Rxh6 36. Rxh6 Bxh6 37. Ra1 Bf8 38. Rb1 h6 39. Rb5 Ra8 1/2-1/2

[Event "NAYCC U18"]
[Site "Kingston CAN"]
[Date "2019.08.19"]
[Round "8.193"]
[White "Zhou, Joey"]
[Black "Gonzalez, Pedro"]
[Result "0-1"]
[WhiteElo "1586"]
[BlackElo "1632"]
[PlyCount "50"]
[EventDate "2019.08.16"]
[EventType "swiss"]
[EventRounds "9"]
[EventCountry "CAN"]

1. d4 d5 2. Bf4 e6 3. e3 c5 4. Nf3 Nc6 5. c3 a6 6. Nbd2 Nf6 7. Bd3 Be7 8. h3
O-O 9. O-O c4 10. Bc2 b5 11. e4 dxe4 12. Nxe4 Nd5 13. Bh2 f5 14. Ned2 Bd6 15.
Bxd6 Qxd6 16. Re1 Bb7 17. Nf1 Rf6 18. Ne3 Nce7 19. Ne5 Rh6 20. Qd2 Ng6 21. Bxf5
Nxe3 22. Bxg6 Nxg2 23. Nf7 Nxe1 24. Bxh7+ Kxf7 25. Rxe1 Rxh7 0-1

[Event "NAYCC U18"]
[Site "Kingston CAN"]
[Date "2019.08.19"]
[Round "8.194"]
[White "Ju, Terrence"]
[Black "Sands, Malik"]
[Result "1-0"]
[WhiteElo "1719"]
[BlackElo "1307"]
[PlyCount "61"]
[EventDate "2019.08.16"]
[EventType "swiss"]
[EventRounds "9"]
[EventCountry "CAN"]

1. d4 d5 2. Nf3 Nf6 3. c4 dxc4 4. Nc3 Nc6 5. e4 e6 6. Bxc4 Bb4 7. Bg5 h6 8.
Bxf6 Qxf6 9. O-O O-O 10. a3 Bxc3 11. bxc3 e5 12. h3 exd4 13. cxd4 Rd8 14. d5
Qg6 15. Qe2 Bxh3 16. Nh4 Nd4 17. Nxg6 Nxe2+ 18. Bxe2 Bxg2 19. Kxg2 fxg6 20.
Rfc1 Rd7 21. Rab1 Re8 22. Bb5 c6 23. dxc6 bxc6 24. Bxc6 Rde7 25. Bxe8 Rxe8 26.
f3 g5 27. Rb7 Ra8 28. Rcc7 h5 29. Rxg7+ Kf8 30. Rh7 Ke8 31. Rh8# 1-0

[Event "NAYCC U18"]
[Site "Kingston CAN"]
[Date "2019.08.20"]
[Round "9.179"]
[White "Zhang, Yuanchen"]
[Black "Doknjas, Joshua"]
[Result "0-1"]
[WhiteElo "2305"]
[BlackElo "2236"]
[PlyCount "90"]
[EventDate "2019.08.16"]
[EventType "swiss"]
[EventRounds "9"]
[EventCountry "CAN"]

1. b3 e5 2. Bb2 Nc6 3. c4 Nf6 4. e3 d5 5. cxd5 Nxd5 6. a3 Bd6 7. Qc2 O-O 8. Nf3
Qe7 9. d3 f5 10. Nbd2 a5 11. Be2 Bd7 12. O-O Kh8 13. Rfd1 Nb6 14. Bf1 Rae8 15.
g3 Be6 16. Bg2 Bd5 17. Nc4 Qf7 18. Rac1 h6 19. Qc3 Re7 20. Ne1 Bxg2 21. Nxg2
Nd7 22. Nxd6 cxd6 23. b4 axb4 24. axb4 Nf6 25. b5 Nd8 26. Ba3 Rd7 27. Rd2 Ne6
28. Qb3 Re8 29. Rdc2 d5 30. Nh4 f4 31. Rc8 Rxc8 32. Rxc8+ Kh7 33. exf4 exf4 34.
b6 Ng5 35. Qa4 d4 36. Qa8 Ng8 37. Qa5 Rd5 38. Qe1 Rb5 39. Rc7 Qd5 40. Qe8 Rxb6
41. Qc8 Re6 42. f3 Qa5 43. Rxg7+ Kxg7 44. Qd7+ Ne7 45. Qxd4+ Kg8 0-1

[Event "NAYCC U18"]
[Site "Kingston CAN"]
[Date "2019.08.20"]
[Round "9.180"]
[White "Costello, Alexander"]
[Black "Hua, Eugene"]
[Result "1-0"]
[WhiteElo "2256"]
[BlackElo "2301"]
[PlyCount "77"]
[EventDate "2019.08.16"]
[EventType "swiss"]
[EventRounds "9"]
[EventCountry "CAN"]

1. e4 c5 2. Nf3 d6 3. Bb5+ Nd7 4. d4 cxd4 5. Qxd4 a6 6. Bxd7+ Bxd7 7. Nc3 e5 8.
Qd3 h6 9. Nd2 Rc8 10. Nc4 Be6 11. Ne3 Nf6 12. a4 Be7 13. O-O O-O 14. Rd1 Qc7
15. Bd2 Rfd8 16. Be1 Qc5 17. a5 Bc4 18. Qd2 Rd7 19. Na4 Qb5 20. Nb6 Nxe4 21.
Qb4 Rdc7 22. Nexc4 Rxc4 23. Qxb5 axb5 24. Nxc8 Rxc8 25. Rd5 Rxc2 26. Rxb5 Rc7
27. f3 Ng5 28. Bd2 Ne6 29. Rc1 Rd7 30. Rc8+ Kh7 31. Rb8 Nd8 32. Kf2 f5 33. Be3
d5 34. Bc5 Bf6 35. Rb6 d4 36. Rd6 Rc7 37. b4 Nf7 38. Rb6 Nd8 39. Rxf6 1-0

[Event "NAYCC U18"]
[Site "Kingston CAN"]
[Date "2019.08.20"]
[Round "9.181"]
[White "Wang, Wesley"]
[Black "Ouellet, Maili-Jade"]
[Result "1-0"]
[WhiteElo "2269"]
[BlackElo "2211"]
[PlyCount "103"]
[EventDate "2019.08.16"]
[EventType "swiss"]
[EventRounds "9"]
[EventCountry "CAN"]

1. e4 c5 2. Nf3 d6 3. Bb5+ Nd7 4. Ba4 Ngf6 5. O-O g6 6. Re1 Bg7 7. c3 O-O 8. d4
e5 9. Bg5 Qc7 10. Nbd2 Rb8 11. Qe2 a6 12. Bb3 b5 13. a4 h6 14. Bh4 Nh5 15. axb5
axb5 16. dxe5 dxe5 17. Bc2 Ndf6 18. h3 Rd8 19. Nf1 Nf4 20. Qe3 Be6 21. Bg3 N6h5
22. Bh2 Qc8 23. Red1 Rxd1 24. Rxd1 Bf6 25. Ng3 Ng7 26. Ne2 g5 27. Nxf4 gxf4 28.
Qe2 Rb6 29. Ra1 Ne8 30. Kh1 Qd8 31. Rd1 Qa8 32. Rg1 Kh8 33. g3 fxg3 34. Bxg3
Qb8 35. Qe3 Kh7 36. Qxc5 Qd6 37. Qe3 Bxh3 38. Nxe5 Bxe5 39. Bxe5 Qxe5 40. Qxb6
Be6 41. Qe3 Nf6 42. Qg3 Qh5+ 43. Kg2 Ng4 44. Bd1 f5 45. Bxg4 fxg4 46. Ra1 Qg6
47. Ra7+ Bf7 48. Qf4 Kg7 49. Kg3 h5 50. Kh4 Qf6+ 51. Qxf6+ Kxf6 52. Rxf7+ 1-0

[Event "NAYCC U18"]
[Site "Kingston CAN"]
[Date "2019.08.20"]
[Round "9.182"]
[White "Yip, Carissa"]
[Black "Li, William"]
[Result "1-0"]
[WhiteElo "2300"]
[BlackElo "2135"]
[PlyCount "63"]
[EventDate "2019.08.16"]
[EventType "swiss"]
[EventRounds "9"]
[EventCountry "CAN"]

1. Nf3 c5 2. g3 Nc6 3. Bg2 g6 4. d4 cxd4 5. Nxd4 Bg7 6. Nb3 Nf6 7. Nc3 d6 8. e4
h5 9. h3 Be6 10. Bg5 Qd7 11. Qe2 Rc8 12. Rd1 Ne5 13. Nd5 Bxd5 14. exd5 Qf5 15.
Bd2 Qxc2 16. Qb5+ Kf8 17. O-O Rb8 18. Bc3 Qf5 19. f4 Nc6 20. Qe2 Nd8 21. Nd4
Qd7 22. Rde1 Rc8 23. Qe3 Rc7 24. f5 Bh6 25. Qf2 g5 26. Ne6+ fxe6 27. fxe6 Qe8
28. Bxf6 exf6 29. Qxf6+ Kg8 30. e7 Nf7 31. Qg6+ Bg7 32. Rxf7 1-0

[Event "NAYCC U18"]
[Site "Kingston CAN"]
[Date "2019.08.20"]
[Round "9.183"]
[White "Ravuri, Vinesh"]
[Black "Huang, Andy"]
[Result "0-1"]
[WhiteElo "2192"]
[BlackElo "2263"]
[PlyCount "110"]
[EventDate "2019.08.16"]
[EventType "swiss"]
[EventRounds "9"]
[EventCountry "CAN"]

1. d4 d5 2. Nc3 Nf6 3. Bf4 e6 4. e3 Bb4 5. Bd3 c5 6. dxc5 Nbd7 7. Nge2 O-O 8.
a3 Bxc5 9. O-O a6 10. Bg3 Nh5 11. e4 d4 12. Nb1 Nxg3 13. Nxg3 b5 14. e5 Nxe5
15. Bxh7+ Kxh7 16. Qh5+ Kg8 17. Qxe5 Qd6 18. Qe4 Rb8 19. Nd2 f5 20. Qd3 e5 21.
f3 g6 22. Kh1 Re8 23. b4 Ba7 24. c4 Bd7 25. Rac1 Rbc8 26. Rfe1 Kg7 27. c5 Qd5
28. Re2 Rh8 29. Rce1 Bb8 30. Ngf1 Bc6 31. Nb3 Rh4 32. Kg1 Rch8 33. h3 Rd8 34.
Nfd2 Bc7 35. Kh1 Rdh8 36. Kg1 Re8 37. Rf2 e4 38. Qxd4+ Qxd4 39. Nxd4 e3 40.
Nxc6 Bg3 41. Rxe3 Rxe3 42. Rf1 Rd3 43. Nb1 Rc4 44. Na5 Rc2 45. c6 Kf7 46. Nb7
Bf4 47. Re1 Be3+ 48. Kh1 Rxc6 49. Kh2 f4 50. h4 Rc2 51. Kh3 Kf6 52. Na5 Kf5 53.
Rf1 Rc1 54. Rxc1 Bxc1 55. Nc6 Bb2 0-1

[Event "NAYCC U18"]
[Site "Kingston CAN"]
[Date "2019.08.20"]
[Round "9.184"]
[White "Wu, Rochelle"]
[Black "Chen, Richard"]
[Result "1/2-1/2"]
[WhiteElo "2161"]
[BlackElo "2291"]
[PlyCount "53"]
[EventDate "2019.08.16"]
[EventType "swiss"]
[EventRounds "9"]
[EventCountry "CAN"]

1. e4 c5 2. Nf3 e6 3. d4 cxd4 4. Nxd4 Nc6 5. Nc3 Qc7 6. Be3 Nxd4 7. Qxd4 a6 8.
Be2 b5 9. O-O Bb7 10. a3 Nf6 11. f4 Rc8 12. Bf3 Bc5 13. Qxc5 Qxc5 14. Bxc5 Rxc5
15. e5 Bxf3 16. Rxf3 Nd5 17. Nxd5 Rxd5 18. Rd3 Rxd3 19. cxd3 Ke7 20. Rc1 f6 21.
Kf2 fxe5 22. fxe5 Rf8+ 23. Ke3 Rf5 24. d4 Rg5 25. Kf3 Rf5+ 26. Ke3 Rg5 27. Kf3
1/2-1/2

[Event "NAYCC U18"]
[Site "Kingston CAN"]
[Date "2019.08.20"]
[Round "9.185"]
[White "Chasin, Nico"]
[Black "Quiroga, Angel"]
[Result "1/2-1/2"]
[WhiteElo "2178"]
[BlackElo "2053"]
[PlyCount "143"]
[EventDate "2019.08.16"]
[EventType "swiss"]
[EventRounds "9"]
[EventCountry "CAN"]

1. d4 d5 2. c4 e6 3. Nf3 Nf6 4. Nc3 h6 5. Bf4 c6 6. e3 Nbd7 7. h3 Be7 8. Bd3
O-O 9. cxd5 exd5 10. O-O Re8 11. Rb1 a5 12. a3 Nb6 13. Ne5 Be6 14. Qc2 Qc8 15.
Ne2 Nfd7 16. Bg3 Nxe5 17. dxe5 c5 18. Nf4 Bd7 19. Rfd1 Kh8 20. Be2 Bf5 21. Bd3
Bd7 22. Qe2 Bg5 23. Qh5 c4 24. Bc2 Bf5 25. e4 g6 26. Qf3 dxe4 27. Bxe4 Bxe4 28.
Qxe4 Bxf4 29. Qxf4 Qf5 30. Qxh6+ Kg8 31. Rbc1 Rac8 32. Qf4 Qxf4 33. Bxf4 Na4
34. Rc2 b5 35. Rd5 Rc5 36. Rxc5 Nxc5 37. Bd2 Nb3 38. Bc3 Kf8 39. Re2 Ke7 40.
Re3 Rb8 41. Re4 Ke6 42. Rf4 b4 43. axb4 axb4 44. Be1 Na5 45. Rf6+ Ke7 46. Bd2
c3 47. bxc3 b3 48. Bg5 Ke8 49. Bc1 Nc4 50. e6 Ke7 51. Rf4 b2 52. Bxb2 Nxb2 53.
exf7 Rf8 54. Rb4 Nd3 55. Rb7+ Ke6 56. c4 Nc5 57. Rb6+ Kxf7 58. Rc6 Ne6 59. h4
Ke7 60. c5 Rf5 61. g3 Kf7 62. Kg2 Nxc5 63. g4 Rd5 64. h5 gxh5 65. gxh5 Rxh5 66.
Rc7+ Kf6 67. Rc6+ Ne6 68. Ra6 Re5 69. Rb6 Kf5 70. Rb4 Nf4+ 71. Kf3 Nd3 72. Rd4
1/2-1/2

[Event "NAYCC U18"]
[Site "Kingston CAN"]
[Date "2019.08.20"]
[Round "9.186"]
[White "Samadashvili, Martha"]
[Black "Merrigan, Daley"]
[Result "1/2-1/2"]
[WhiteElo "2086"]
[BlackElo "1917"]
[PlyCount "196"]
[EventDate "2019.08.16"]
[EventType "swiss"]
[EventRounds "9"]
[EventCountry "CAN"]

1. e4 e6 2. d4 d5 3. Nc3 Nf6 4. e5 Nfd7 5. Nce2 c5 6. c3 Nc6 7. Nf3 Qb6 8. a3
cxd4 9. cxd4 Be7 10. h4 f6 11. exf6 Bxf6 12. g3 O-O 13. Bg2 Ne7 14. O-O Nf5 15.
Rb1 a5 16. Bg5 Nb8 17. Bxf6 Rxf6 18. Bh3 Nc6 19. Bxf5 Rxf5 20. Nf4 Bd7 21. Re1
Raf8 22. Qd2 h6 23. Rbd1 Qc7 24. Qe3 R8f6 25. Nh2 Rxf4 26. gxf4 Qxf4 27. Qxf4
Rxf4 28. Kg2 Nxd4 29. Kg3 g5 30. hxg5 hxg5 31. f3 Kf8 32. Re5 Nf5+ 33. Kf2 Nd6
34. Rxg5 Rc4 35. Rd2 Bc6 36. Ng4 Rc1 37. Ne5 Nc4 38. Nxc4 dxc4 39. Rc5 Ke7 40.
f4 a4 41. Ke3 Bd5 42. f5 Bc6 43. fxe6 Kxe6 44. Kd4 Kd6 45. Rxc4 Rh1 46. Kc3+
Kc7 47. Rf4 Kb6 48. Rd3 Rh2 49. b3 axb3 50. Kxb3 Bb5 51. Rf6+ Ka7 52. Re3 Rh4
53. Re7 Rg4 54. Rf5 Bc4+ 55. Kc3 Ba6 56. Rfe5 Rg1 57. Kb4 Rb1+ 58. Kc5 Rc1+ 59.
Kd6 Rc4 60. Re4 Rc1 61. a4 Kb6 62. R7e5 Rb1 63. a5+ Ka7 64. Re7 Rd1+ 65. Kc7
Rd2 66. R4e5 Rc2+ 67. Kd8 Ra2 68. Rc7 Bf1 69. Ke7 Bg2 70. Rcc5 Bc6 71. Rh5 Ka6
72. Rh8 Ka7 73. Rf5 Ra1 74. Rff8 Rxa5 75. Ra8+ Kb6 76. Rxa5 Kxa5 77. Rh4 Kb6
78. Kd6 Kb5 79. Ke5 Kc5 80. Rh2 Kc4 81. Rc2+ Kb3 82. Rc5 Kb4 83. Kd4 Kb3 84.
Rc3+ Kb4 85. Rh3 Kb5 86. Rb3+ Ka6 87. Kc5 Ka7 88. Ra3+ Kb8 89. Kd6 Be4 90. Re3
Bc6 91. Re5 Bf3 92. Re8+ Ka7 93. Kc7 Bc6 94. Re5 Ka6 95. Rh5 Be4 96. Rh4 Bc6
97. Rb4 Bh1 98. Kd6 Bc6 1/2-1/2

[Event "NAYCC U18"]
[Site "Kingston CAN"]
[Date "2019.08.20"]
[Round "9.187"]
[White "Wu, Derek"]
[Black "Zhao, Harry"]
[Result "1/2-1/2"]
[WhiteElo "2032"]
[BlackElo "1950"]
[PlyCount "148"]
[EventDate "2019.08.16"]
[EventType "swiss"]
[EventRounds "9"]
[EventCountry "CAN"]

1. e4 e6 2. d4 d5 3. Nd2 Nf6 4. e5 Nfd7 5. Bd3 c5 6. c3 Nc6 7. Ne2 cxd4 8. cxd4
f6 9. exf6 Qxf6 10. O-O Bd6 11. Nf3 h6 12. Ng3 O-O 13. Bc2 Rd8 14. Re1 Nf8 15.
Ne5 Bd7 16. Nh5 Qh4 17. Nxg7 Nxe5 18. dxe5 Bc5 19. g3 Bxf2+ 20. Kg2 Qd4 21. Nh5
Qxd1 22. Rxd1 Rac8 23. Bb1 Rxc1 24. Rxc1 Bd4 25. Nf6+ Kg7 26. Rc2 Bxe5 27. Ng4
Bd4 28. Re2 Bb5 29. Rd2 e5 30. a4 Bc6 31. Bd3 h5 32. Nf2 Ne6 33. Bb5 e4 34.
Rad1 Bf6 35. Rc2 Nd4 36. Rcd2 Nf5 37. Nxe4 Ne3+ 38. Kf3 Nxd1 39. Nxf6 Kxf6 40.
Rxd1 Ke5 41. Ke3 d4+ 42. Kd3 Be4+ 43. Kd2 Rf8 44. Re1 Rf2+ 45. Re2 Rxe2+ 46.
Kxe2 Bg6 47. a5 b6 48. a6 Bf7 49. Kd2 Bg6 50. Be2 Be8 51. h4 Kf5 52. Bf3 Ke5
53. Bd1 Kf5 54. Be2 Ke5 55. g4 hxg4 56. Bxg4 Kf4 57. Be2 Kf5 58. b4 Kf4 59. Bc4
Ke4 60. Be6 Bh5 61. Bg8 Bg6 62. Bc4 Kf4 63. Be2 Be8 64. h5 Kg5 65. Kc2 Bd7 66.
Kb3 Be6+ 67. Bc4 Bf5 68. Bf7 Bd3 69. Bc4 Bf5 70. Be2 Be6+ 71. Kc2 Bf5+ 72. Kd2
Bd7 73. Kd3 Bb5+ 74. Kd2 Bd7 1/2-1/2

[Event "NAYCC U18"]
[Site "Kingston CAN"]
[Date "2019.08.20"]
[Round "9.188"]
[White "Zhang, Henry"]
[Black "Rama, Tejas"]
[Result "1/2-1/2"]
[WhiteElo "2151"]
[BlackElo "2022"]
[PlyCount "82"]
[EventDate "2019.08.16"]
[EventType "swiss"]
[EventRounds "9"]
[EventCountry "CAN"]

1. e4 e5 2. Nf3 Nc6 3. d4 exd4 4. Nxd4 Nf6 5. Nxc6 bxc6 6. e5 Qe7 7. Qe2 Nd5 8.
c4 Nb6 9. Nc3 Qe6 10. Qe4 Ba6 11. b3 Bb4 12. Bd2 O-O 13. Bd3 g6 14. O-O f5 15.
exf6 Qxf6 16. Rac1 Rae8 17. Qg4 c5 18. Rc2 d5 19. a3 Bxa3 20. Ra2 Bb4 21. Rxa6
Bxc3 22. Bh6 Rf7 23. cxd5 Bd4 24. Qg3 Qd6 25. Rxa7 Qxd5 26. Ra6 Bxf2+ 27. Rxf2
Re1+ 28. Bf1 Qd4 29. Bd2 Qxd2 30. Rxf7 Kxf7 31. Qxc7+ Nd7 32. Qg3 Qd4+ 33. Qf2+
Ke7 34. Qxd4 cxd4 35. Kf2 Rb1 36. Bc4 Rb2+ 37. Kf3 Ne5+ 38. Ke4 Nxc4 39. bxc4
Rxg2 40. Ra7+ Kd6 41. Rxh7 Rg4+ 1/2-1/2

[Event "NAYCC U18"]
[Site "Kingston CAN"]
[Date "2019.08.20"]
[Round "9.189"]
[White "Wang, Jake"]
[Black "Ju, Terrence"]
[Result "0-1"]
[WhiteElo "2116"]
[BlackElo "1719"]
[PlyCount "54"]
[EventDate "2019.08.16"]
[EventType "swiss"]
[EventRounds "9"]
[EventCountry "CAN"]

1. d4 Nf6 2. Nf3 g6 3. Bf4 Bg7 4. Nc3 d5 5. Nb5 Na6 6. e3 Nh5 7. Bg5 h6 8. Bh4
c6 9. Nc3 Bf5 10. Bxa6 bxa6 11. Ne5 Bxe5 12. dxe5 Ng7 13. O-O g5 14. Bg3 Ne6
15. Qe2 h5 16. Qxa6 h4 17. Qxc6+ Kf8 18. Rac1 Rc8 19. Qxd5 Qxd5 20. Nxd5 hxg3
21. hxg3 Rc5 22. Nb4 Rxe5 23. c4 Nc5 24. Nc6 Re6 25. Nd4 Reh6 26. f4 Nd3 27.
Ne6+ Bxe6 0-1

[Event "NAYCC U18"]
[Site "Kingston CAN"]
[Date "2019.08.20"]
[Round "9.190"]
[White "De Costa, Alex"]
[Black "Li, Max"]
[Result "0-1"]
[WhiteElo "1797"]
[BlackElo "2113"]
[PlyCount "58"]
[EventDate "2019.08.16"]
[EventType "swiss"]
[EventRounds "9"]
[EventCountry "CAN"]

1. Nf3 d5 2. g3 c6 3. Bg2 Bg4 4. d3 Nf6 5. Nbd2 Nbd7 6. O-O e6 7. c3 Qc7 8. e4
Bd6 9. Qc2 Bh5 10. Re1 O-O 11. a4 a5 12. Nh4 Ng4 13. d4 Be7 14. exd5 Bxh4 15.
dxe6 fxe6 16. Nf3 Be7 17. Bf4 Qd8 18. Qb3 Bf7 19. Qxb7 Qc8 20. Qxc8 Raxc8 21.
h3 Nh6 22. Ng5 Bxg5 23. Bxg5 c5 24. dxc5 Nxc5 25. Rad1 Nxa4 26. Bxh6 gxh6 27.
Rd2 Rfd8 28. Red1 Rxd2 29. Rxd2 Rb8 0-1

[Event "NAYCC U18"]
[Site "Kingston CAN"]
[Date "2019.08.20"]
[Round "9.191"]
[White "Gonzalez, Pedro"]
[Black "Xu, Jeffrey"]
[Result "0-1"]
[WhiteElo "1632"]
[BlackElo "2067"]
[PlyCount "66"]
[EventDate "2019.08.16"]
[EventType "swiss"]
[EventRounds "9"]
[EventCountry "CAN"]

1. Nf3 Nf6 2. d3 d6 3. e4 e5 4. g3 Be7 5. Bg2 O-O 6. O-O c6 7. Nbd2 Re8 8. Re1
Bf8 9. b3 a5 10. Bb2 a4 11. a3 c5 12. Nf1 Nc6 13. Ne3 axb3 14. cxb3 Nd4 15.
Nxd4 cxd4 16. Nd5 Nxd5 17. exd5 Bd7 18. Qd2 Qb6 19. b4 Bb5 20. f4 f5 21. Kh1 g6
22. g4 Bh6 23. gxf5 Bxf4 24. Qe2 Qd8 25. fxg6 hxg6 26. Be4 Kf7 27. Rf1 Qh4 28.
Rxf4+ exf4 29. Bxd4 g5 30. Rf1 Rxa3 31. Rc1 Rxd3 32. Bf2 Qh3 33. Rc7+ Kf8 0-1

[Event "NAYCC U18"]
[Site "Kingston CAN"]
[Date "2019.08.20"]
[Round "9.192"]
[White "Leong, Ryan"]
[Black "Rama, Vikas"]
[Result "1/2-1/2"]
[WhiteElo "1926"]
[BlackElo "1534"]
[PlyCount "65"]
[EventDate "2019.08.16"]
[EventType "swiss"]
[EventRounds "9"]
[EventCountry "CAN"]

1. a3 d5 2. c4 e6 3. cxd5 exd5 4. Nf3 Bf5 5. d3 c6 6. g3 Bd6 7. Bg2 Qd7 8. O-O
Nf6 9. Bg5 O-O 10. Bxf6 gxf6 11. Nc3 Re8 12. e4 dxe4 13. dxe4 Bg4 14. Qd2 Bxf3
15. Bxf3 Be5 16. Qh6 Qe7 17. Bg4 Qf8 18. Qh4 Na6 19. Rad1 Red8 20. f4 Bd4+ 21.
Kg2 Qg7 22. e5 Bxc3 23. bxc3 Rxd1 24. Rxd1 fxe5 25. Rd8+ Rxd8 26. Qxd8+ Qf8 27.
Qg5+ Qg7 28. Qd8+ Qf8 29. Qg5+ Qg7 30. Qxg7+ Kxg7 31. fxe5 f6 32. e6 Kf8 33.
Bf5 1/2-1/2